| 000 | 00719cam a22002413a 4500 | ||
|---|---|---|---|
| 001 | 1039 | ||
| 003 | PGUSA | ||
| 005 | 20140828082956.0 | ||
| 008 | 060211s2006||||xxu|||||s|||||000 | eng d | ||
| 040 |
_aPGUSA _beng |
||
| 042 | _adc | ||
| 050 | 4 | _aDT | |
| 100 | 1 |
_aLivingstone, David, _d1813-1873 |
|
| 245 | 1 | 0 |
_aMissionary Travels and Researches in South Africa _h[electronic resource] / _cDavid Livingstone |
| 260 |
_bProject Gutenberg, _c2006 |
||
| 506 | _aPublic domain in the USA. | ||
| 516 | _aElectronic text | ||
| 653 | _aSouth Africa -- Description and travel | ||
| 653 | _aMissions -- South Africa | ||
| 830 | 0 |
_aProject Gutenberg _v1039 |
|
| 856 | 4 | 0 | _uhttp://www.gutenberg.org/ebooks/1039 |
| 942 | _cEB | ||
| 999 |
_c230390 _d230390 |
||